000 00767nam a2200181Ia 4500
008 151202s9999||||xx |||||||||||||| ||und||
082 _bPNVM-46074
100 _aजोशी गीता.
245 _aलेणे प्रतिभेचे(वि.दा.करंदीकर:एक अभ्यास).
260 _b"राजहंस प्रकाशन, पुणे."
260 _c2004
300 _a324
600 _aजोशी गीता.
630 _aलेणे प्रतिभेचे(वि.दा.करंदीकर:एक अभ्यास).
700 _aजोशी गीता.
730 _aलेणे प्रतिभेचे(वि.दा.करंदीकर:एक अभ्यास).
942 _cBOOK
999 _c1312024
_d1312021